Word Puzzle #1 - Flowers - Statistics

General Stats
  • This quiz has been taken 150 times
  • The average score is 9 of 15
Answer Stats
Hint Answer % Correct
short for Daniel + 4th letter + king of beasts dandelion
84%
24 hours + body of water daisy
80%
smallest even number + facial part tulip
77%
short form of hello + 1st letter + short for Cynthia hyacinth
74%
automobile + country carnation
69%
Miles Davis music form + opposite of max jasmine
66%
short for dad + enemy + pickle herb daffodil
65%
Governor Christie's first name + male flower part + British form of mom chrysanthemum
59%
name for father + 16th letter of alphabet poppy
58%
untruth + need lilac
50%
compete + 15th letter + allow violet
50%
past tense of ride + chief Norse god + video game movie rhododendron
45%
made of element AU + staff or scepter goldenrod
44%
happy + Jupiter moon + musical note gladiola
29%
a frolic or spree + stimulate to action larkspur
12%
No matching quizzes found
Score Distribution
Percent of People with Each Score
Percentile by Number Answered
Your Score History
You have not taken this quiz